Loading...
Beliefs | 3 | 10 | 1 | 5 | 140 | 49 | 106.69 | 6 | 13 |
4 | 8 | 2 | 4 | 130 | 39 | 97.00 | 8 | 12 | |
History - American History | 1 | 8 | 0 | 3 | 95 | 64 | 104.00 | 5 | 9 |
Literature - British Literature | 5 | 2 | 0 | 1 | 95 | 49 | 73.00 | 5 | 7 |
Literature - European Literature | 4 | 3 | 0 | 0 | 90 | 67 | 79.43 | 3 | 7 |
Fine Arts - Visual Fine Arts | 4 | 3 | 1 | 0 | 85 | 24 | 63.71 | 5 | 7 |
History - World History | 0 | 8 | 2 | 4 | 70 | 76 | 113.13 | 5 | 8 |
Literature - American Literature | 4 | 0 | 1 | 0 | 55 | 29 | 55.50 | 3 | 4 |
Fine Arts - Auditory Fine Arts | 2 | 2 | 0 | 0 | 50 | 29 | 60.25 | 4 | 4 |
Philosophy | 0 | 5 | 1 | 3 | 45 | 103 | 124.80 | 2 | 5 |
History - European History | 2 | 2 | 2 | 0 | 40 | 20 | 69.00 | 3 | 4 |
Geography | 0 | 2 | 0 | 2 | 20 | 125 | 133.00 | 0 | 2 |
Social Science | 0 | 3 | 2 | 1 | 20 | 109 | 118.67 | 2 | 3 |
Other Arts: Visual | 0 | 2 | 1 | 1 | 15 | 109 | 112.00 | 2 | 2 |
Current Events | 0 | 1 | 0 | 0 | 10 | 118 | 118.00 | 1 | 1 |
Other Arts: Auditory | 1 | 1 | 3 | 0 | 10 | 60 | 77.00 | 2 | 2 |
Other Science: Earth Science | 0 | 1 | 0 | 1 | 10 | 150 | 150.00 | 0 | 1 |
Science - Biology | 0 | 1 | 0 | 1 | 10 | 131 | 131.00 | 1 | 1 |
Other Academic | 0 | 0 | 1 | 0 | -5 | 0.00 | 0 | 0 | |
History - Other History | 0 | 0 | 1 | 0 | -5 | 0.00 | 0 | 0 |